[Event "FRA-ch TT 9900"]
[Site "France"]
[Date "2000.03.30"]
[Round "4.1"]
[White "Gofshtein, Leonid D"]
[Black "Narciso Dublan, Marc"]
[Result "1/2-1/2"]
[WhiteElo "2580"]
[BlackElo "2468"]
[PlyCount "67"]
[EventDate "1999.??.??"]
[EventType "team"]
[EventRounds "11"]
[EventCountry "FRA"]
[Source "Fruth,M"]
[SourceDate "2003.05.15"]

1. d4 d5 2. c4 e6 3. Nc3 Be7 4. Nf3 Nf6 5. Bg5 h6 6. Bh4 O-O 7. e3 b6 8. Bd3
Bb7 9. O-O Nbd7 10. Qe2 c5 11. Rfd1 Ne4 12. Bg3 cxd4 13. Nxd4 Nxc3 14. bxc3 Nc5
15. Bc2 Bh4 16. e4 Bxg3 17. hxg3 Re8 18. cxd5 exd5 19. e5 Qg5 20. Re1 Ne4 21.
Nf3 Qh5 22. c4 Ng5 23. Nxg5 Qxe2 24. Rxe2 hxg5 25. cxd5 Bxd5 26. f4 Rac8 27.
Rd2 Rc3 28. Ba4 Bc6 29. Bb3 Bb5 30. Kf2 Bc4 31. Rc2 Rxc2+ 32. Bxc2 g6 33. Ke3
Rc8 34. Be4 1/2-1/2

[Event "Ciudad de Pamplona 9900 IT"]
[Site "Pamplona"]
[Date "2000.01.04"]
[Round "8"]
[White "Lautier, Joel"]
[Black "Short, Nigel D"]
[Result "0-1"]
[WhiteElo "2638"]
[BlackElo "2675"]
[PlyCount "90"]
[EventDate "1999.12.??"]
[EventType "tourn"]
[EventRounds "9"]
[EventCountry "ESP"]
[EventCategory "15"]
[Source "Fruth,M"]
[SourceDate "2003.05.15"]

1. d4 e6 2. Nf3 Nf6 3. c4 d5 4. Nc3 Be7 5. Bg5 h6 6. Bh4 O-O 7. e3 b6 8. Bd3
Bb7 9. O-O Nbd7 10. Bg3 c5 11. Qe2 Ne4 12. cxd5 exd5 13. Rad1 Qc8 14. Bb1 Ndf6
15. Qc2 Re8 16. Be5 Qe6 17. dxc5 bxc5 18. Qa4 Ng5 19. Nxg5 Qxe5 20. Nf3 Qe6 21.
Rfe1 Bf8 22. Qf4 Qb6 23. b3 Rad8 24. Rc1 d4 25. exd4 Rxe1+ 26. Rxe1 cxd4 27.
Na4 Qc6 28. Rc1 Nd5 29. Qd2 Qf6 30. Be4 Ba6 31. Rd1 Nf4 32. g3 Ne2+ 33. Kg2 Re8
34. Qc2 Qe6 35. Nd2 d3 36. Qc6 Bb4 37. Qxe6 Rxe6 38. Bd5 Rd6 39. Be4 Rd4 40. f3
Bb5 41. Kf2 Bxa4 42. bxa4 Nc3 43. Rc1 Nxe4+ 44. Nxe4 f5 45. Ke3 Rd5 0-1

[Event "Catalunya-ch op"]
[Site "Barcelona"]
[Date "2000.??.??"]
[Round "8"]
[White "Comas Fabrego, Luis"]
[Black "Narciso Dublan, Marc"]
[Result "1/2-1/2"]
[WhiteElo "2529"]
[BlackElo "2468"]
[PlyCount "70"]
[EventDate "2000.??.??"]
[EventType "swiss"]
[EventRounds "9"]
[EventCountry "ESP"]
[Source "Fruth,M"]
[SourceDate "2003.05.15"]

1. d4 d5 2. c4 e6 3. Nc3 Be7 4. Nf3 Nf6 5. Bg5 h6 6. Bh4 O-O 7. e3 b6 8. Bd3
Bb7 9. O-O Nbd7 10. Qe2 c5 11. Rad1 Ne4 12. Bxe7 Qxe7 13. cxd5 exd5 14. Nd2 Nd6
15. Ba6 Nf6 16. Bxb7 Qxb7 17. dxc5 bxc5 18. Nb3 Nde4 19. Nxe4 Nxe4 20. f3 c4
21. Na5 Qb5 22. fxe4 Qxa5 23. exd5 Qxa2 24. Rd2 Qa5 25. d6 c3 26. bxc3 Qxc3 27.
d7 a5 28. Qd3 Qxd3 29. Rxd3 Rfd8 30. Ra1 Kf8 31. Rd5 a4 32. Rd4 a3 33. Rd3 a2
34. Rd2 Ke7 35. Raxa2 Rxa2 1/2-1/2

[Event "Olm 14 G2/B3"]
[Site "e-mail"]
[Date "2000.09.25"]
[Round "?"]
[White "Birarov, Vladimir"]
[Black "Kaczorowski, Piotr"]
[Result "1-0"]
[WhiteElo "2485"]
[BlackElo "2401"]
[PlyCount "89"]
[EventDate "2000.??.??"]
[EventType "team (corr)"]
[Source "Fruth,M"]
[SourceDate "2003.05.15"]

1. d4 d5 2. c4 e6 3. Nc3 Nf6 4. Bg5 Be7 5. e3 O-O 6. Nf3 h6 7. Bh4 b6 8. Be2
Bb7 9. Bxf6 Bxf6 10. cxd5 exd5 11. b4 c6 12. O-O Qd6 13. Qb3 Nd7 14. e4 Be7 15.
Rab1 dxe4 16. Nxe4 Qf4 17. Ng3 Nf6 18. Rfe1 Nd5 19. Ne5 Bd6 20. Bf3 Rad8 21. b5
Bxe5 22. dxe5 Rfe8 23. Re4 Qg5 24. h4 Qg6 25. Rd1 Nc7 26. Rg4 Qe6 27. Rxd8 Rxd8
28. Qxe6 Nxe6 29. bxc6 Ba6 30. Nf5 Kf8 31. Ra4 Nc7 32. Ne3 Rd2 33. Kh2 g6 34.
Kg3 h5 35. Ra3 Rd3 36. Rxd3 Bxd3 37. Nd5 Nxd5 38. Bxd5 Ke7 39. Kf4 Bf5 40. f3
Bc8 41. g4 f6 42. exf6+ Kxf6 43. g5+ Ke7 44. Ke5 b5 45. Be4 1-0

[Event "RUS-Cup op"]
[Site "Minsk"]
[Date "2000.??.??"]
[Round "3"]
[White "Kosyrev, Vladimir"]
[Black "Malakhatko, Vadim"]
[Result "1-0"]
[WhiteElo "2474"]
[BlackElo "2568"]
[PlyCount "71"]
[EventDate "2000.??.??"]
[EventType "swiss"]
[EventRounds "9"]
[EventCountry "BLR"]
[Source "Fruth,M"]
[SourceDate "2003.05.15"]

1. d4 d5 2. c4 e6 3. Nc3 Be7 4. Nf3 Nf6 5. Bg5 O-O 6. e3 h6 7. Bh4 b6 8. Bd3
Bb7 9. O-O Nbd7 10. Qe2 c5 11. Bg3 Ne4 12. cxd5 Nxg3 13. hxg3 exd5 14. Rad1 c4
15. Bb1 Bd6 16. e4 dxe4 17. Bxe4 Re8 18. Qc2 Bxe4 19. Nxe4 Bf8 20. a4 Rc8 21.
Rfe1 a6 22. g4 Re6 23. g5 b5 24. d5 Rg6 25. Nh4 Rb6 26. a5 hxg5 27. axb6 gxh4
28. b7 Rb8 29. d6 Rxb7 30. Qd2 h3 31. Qd5 Qc8 32. Re3 h2+ 33. Kxh2 b4 34. Rf3
Nb6 35. Qh5 Qe6 36. Nf6+ 1-0

[Event "RUS-Cup op"]
[Site "Moscow"]
[Date "2000.03.??"]
[Round "9"]
[White "Ulko, Jaroslav"]
[Black "Burmakin, Vladimir"]
[Result "0-1"]
[WhiteElo "2459"]
[BlackElo "2567"]
[PlyCount "37"]
[EventDate "2000.??.??"]
[EventType "swiss"]
[EventRounds "9"]
[EventCountry "RUS"]
[Source "Fruth,M"]
[SourceDate "2003.05.15"]

1. d4 Nf6 2. c4 e6 3. Nf3 d5 4. Nc3 Be7 5. Bg5 h6 6. Bh4 O-O 7. e3 b6 8. Be2
Bb7 9. Bxf6 Bxf6 10. cxd5 exd5 11. O-O Nd7 12. Qb3 c6 13. Rac1 Re8 14. Rfd1 Nf8
15. a3 Ne6 16. Bf1 Re7 17. Na4 Rc8 18. Qd3 Rec7 19. b4 0-1

[Event "Hanibal op 7"]
[Site "Linares"]
[Date "2000.01.14"]
[Round "8"]
[White "Campos Moreno, Javier B"]
[Black "Sargissian, Gabriel"]
[Result "0-1"]
[WhiteElo "2484"]
[BlackElo "2470"]
[PlyCount "64"]
[EventDate "2000.01.??"]
[EventType "swiss"]
[EventRounds "10"]
[EventCountry "ESP"]
[Source "Fruth,M"]
[SourceDate "2003.05.15"]

1. d4 d5 2. c4 e6 3. Nf3 Nf6 4. Nc3 Be7 5. Bg5 h6 6. Bh4 O-O 7. e3 b6 8. Bd3
Bb7 9. O-O Nbd7 10. Bg3 Bd6 11. cxd5 Nxd5 12. e4 Nxc3 13. bxc3 Bxg3 14. fxg3 c5
15. Qe2 cxd4 16. cxd4 Rc8 17. Rad1 Qe7 18. g4 Rc3 19. h4 Rfc8 20. g5 hxg5 21.
Nxg5 f6 22. Nh3 e5 23. Bb5 exd4 24. Nf4 Ne5 25. Rxd4 Rc2 26. Qd1 Rc1 27. Qb3+
Kh7 28. Rxc1 Rxc1+ 29. Kh2 f5 30. Be2 Qxh4+ 31. Nh3 Bxe4 32. Qe6 Rh1+ 0-1

[Event "Lenk op 12"]
[Site "Lenk"]
[Date "2000.??.??"]
[Round "7"]
[White "Varga, Zoltan"]
[Black "Groszpeter, Attila"]
[Result "1/2-1/2"]
[WhiteElo "2530"]
[BlackElo "2470"]
[PlyCount "39"]
[EventDate "2000.01.??"]
[EventType "swiss"]
[EventCountry "SUI"]
[Source "Fruth,M"]
[SourceDate "2003.05.15"]

1. d4 Nf6 2. c4 e6 3. Nc3 d5 4. Nf3 Be7 5. Bg5 h6 6. Bh4 O-O 7. e3 b6 8. Be2
Bb7 9. Bxf6 Bxf6 10. cxd5 exd5 11. b4 c6 12. Qb3 a5 13. bxa5 Rxa5 14. Rb1 Nd7
15. O-O Be7 16. a4 Bd6 17. e4 dxe4 18. Nxe4 Bc7 19. Rfe1 c5 20. d5 1/2-1/2

[Event "Hastings Premier IT 2000"]
[Site "Hastings"]
[Date "2000.01.05"]
[Round "2"]
[White "Sokolov, Ivan"]
[Black "Chandler, Murray G"]
[Result "1/2-1/2"]
[WhiteElo "2637"]
[BlackElo "2527"]
[PlyCount "89"]
[EventDate "2000.01.04"]
[EventType "tourn"]
[EventRounds "9"]
[EventCountry "ENG"]
[EventCategory "13"]
[Source "Fruth,M"]
[SourceDate "2003.05.15"]

1. d4 Nf6 2. c4 e6 3. Nf3 d5 4. Nc3 Be7 5. Bg5 h6 6. Bh4 O-O 7. e3 b6 8. Be2
Bb7 9. Bxf6 Bxf6 10. cxd5 exd5 11. O-O Qe7 12. Qb3 Rd8 13. Rad1 c5 14. Rfe1 c4
15. Qc2 Nc6 16. b3 cxb3 17. Qxb3 Na5 18. Qb1 Rac8 19. Rc1 Rc7 20. a4 Rdc8 21.
Nb5 Rxc1 22. Rxc1 Rxc1+ 23. Qxc1 Bc6 24. Nd2 g6 25. h3 Kg7 26. Bf3 Qd7 27. Bg4
Qe7 28. Qc2 h5 29. Bf3 Qd7 30. Nc3 Be7 31. Qb2 Qf5 32. Qb1 Qd7 33. Qa2 Bb4 34.
Ndb1 Nc4 35. Be2 Na3 36. Nxa3 Bxc3 37. Qb3 Ba5 38. Bb5 a6 39. Bxa6 Bxa4 40. Qd3
Qc7 41. Qb1 Qc3 42. Nb5 Qc6 43. Na3 Qc3 44. Nb5 Qc6 45. Na3 1/2-1/2

[Event "Cappelle la Grande op 16"]
[Site "Cappelle la Grande"]
[Date "2000.??.??"]
[Round "?"]
[White "Olafsson, Helgi"]
[Black "Kruppa, Yuri"]
[Result "1/2-1/2"]
[WhiteElo "2490"]
[BlackElo "2560"]
[PlyCount "51"]
[EventDate "2000.02.??"]
[EventType "swiss"]
[EventRounds "9"]
[EventCountry "FRA"]
[Source "Fruth,M"]
[SourceDate "2003.05.15"]

1. c4 e6 2. Nc3 d5 3. d4 Be7 4. Nf3 Nf6 5. Bg5 h6 6. Bh4 O-O 7. e3 b6 8. Bd3
Bb7 9. O-O Nbd7 10. Qe2 c5 11. Rad1 Ne4 12. Bg3 Nxg3 13. hxg3 Qc7 14. cxd5 exd5
15. Ba6 Nf6 16. dxc5 bxc5 17. Bxb7 Qxb7 18. Rd2 c4 19. Rfd1 Bb4 20. Nxd5 Bxd2
21. Nxf6+ gxf6 22. Rxd2 Rfd8 23. Nd4 Rd5 24. Rc2 Rc8 25. Rc3 h5 26. Rxc4
1/2-1/2

[Event "Bled op 21"]
[Site "Bled"]
[Date "2000.??.??"]
[Round "7"]
[White "Bu Xiangzhi"]
[Black "Savanovic, Aleksandar"]
[Result "1/2-1/2"]
[WhiteElo "2565"]
[BlackElo "2435"]
[PlyCount "112"]
[EventDate "2000.03.??"]
[EventType "swiss"]
[EventRounds "9"]
[EventCountry "YUG"]
[Source "Fruth,M"]
[SourceDate "2003.05.15"]

1. d4 d5 2. c4 e6 3. Nc3 Nf6 4. Bg5 Be7 5. e3 O-O 6. Nf3 h6 7. Bh4 b6 8. cxd5
Nxd5 9. Bxe7 Qxe7 10. Rc1 Bb7 11. Bd3 c5 12. dxc5 Qxc5 13. O-O Nc6 14. Be4 Nf6
15. Ne2 Nxe4 16. Rxc5 Nxc5 17. Nfd4 Rfd8 18. Qc1 Nxd4 19. exd4 Ne4 20. Qe3 Rac8
21. f3 Nf6 22. Rc1 Nd5 23. Rxc8 Rxc8 24. Qa3 a5 25. Nc3 Nxc3 26. bxc3 Bd5 27.
Kf2 a4 28. Qb2 a3 29. Qxa3 Ra8 30. Qb4 Rxa2+ 31. Ke3 Rxg2 32. c4 Bxc4 33. Qxc4
Rg5 34. Qc6 Rf5 35. d5 Re5+ 36. Kf2 exd5 37. f4 Re6 38. Qxd5 g6 39. Kg3 Re3+
40. Kh4 Re6 41. Kg3 Kh7 42. h4 h5 43. Qd4 Kg8 44. Qd8+ Kg7 45. Kf3 Re1 46. Qxb6
Re6 47. Qd4+ Kg8 48. Qd8+ Kg7 49. Qc8 Re7 50. Qc5 Re8 51. Qg1 Kh7 52. Qc5 Kg8
53. Qg5 Kh7 54. f5 gxf5 55. Qxh5+ Kg8 56. Qg5+ Kh7 1/2-1/2

[Event "March33 IT (Women)"]
[Site "Belgrad"]
[Date "2000.03.14"]
[Round "11"]
[White "Maric, Alisa"]
[Black "Skripchenko Lautier, Almira"]
[Result "0-1"]
[WhiteElo "2463"]
[BlackElo "2444"]
[PlyCount "78"]
[EventDate "2000.03.??"]
[EventType "tourn"]
[EventRounds "11"]
[EventCountry "YUG"]
[Source "Fruth,M"]
[SourceDate "2003.05.15"]

1. d4 d5 2. Nf3 Nf6 3. c4 e6 4. Nc3 Be7 5. Bg5 h6 6. Bh4 O-O 7. e3 b6 8. Rc1
Bb7 9. Bxf6 Bxf6 10. cxd5 exd5 11. Bd3 c5 12. O-O Na6 13. Qa4 Nc7 14. Rfd1 Qe7
15. Bb1 g6 16. a3 Bg7 17. Re1 f5 18. dxc5 bxc5 19. b4 c4 20. Qa5 Rf6 21. b5 a6
22. b6 Nb5 23. Red1 Qxa3 24. Qxa3 Nxa3 25. Nxd5 Bxd5 26. Rxd5 Rxb6 27. Ba2 Rc8
28. g3 Rb2 29. Rd2 Kh7 30. Rxb2 Bxb2 31. Rd1 Rc7 32. Nd4 c3 33. Bb3 Rb7 34. Bc2
a5 35. Kf1 Nxc2 36. Nxc2 a4 37. Ke2 a3 38. Nxa3 Bxa3 39. Ra1 c2 0-1

[Event "Kiev Spring"]
[Site "Kiev"]
[Date "2000.03.22"]
[Round "1"]
[White "Vysochin, Spartak"]
[Black "Malakhatko, Vadim"]
[Result "1/2-1/2"]
[WhiteElo "2494"]
[BlackElo "2568"]
[PlyCount "24"]
[EventDate "2000.03.22"]
[EventType "tourn"]
[EventRounds "11"]
[EventCountry "UKR"]
[EventCategory "11"]
[Source "Fruth,M"]
[SourceDate "2003.05.15"]

1. d4 d5 2. c4 e6 3. Nc3 Be7 4. Nf3 Nf6 5. Bg5 O-O 6. e3 h6 7. Bh4 b6 8. cxd5
Nxd5 9. Bxe7 Qxe7 10. Bd3 Nxc3 11. bxc3 Bb7 12. O-O Nd7 1/2-1/2

[Event "St.Petersburg-ch 73"]
[Site "St.Petersburg"]
[Date "2000.04.07"]
[Round "5"]
[White "Lugovoi, Aleksei"]
[Black "Aseev, Konstantin N"]
[Result "1/2-1/2"]
[WhiteElo "2515"]
[BlackElo "2517"]
[PlyCount "43"]
[EventDate "2000.04.??"]
[EventType "tourn"]
[EventRounds "11"]
[EventCountry "RUS"]
[EventCategory "11"]
[Source "Fruth,M"]
[SourceDate "2003.05.15"]

1. d4 Nf6 2. c4 e6 3. Nc3 d5 4. Nf3 Be7 5. Bg5 h6 6. Bh4 O-O 7. e3 b6 8. Bd3
Bb7 9. O-O Nbd7 10. Qe2 dxc4 11. Bxc4 Ne4 12. Bxe7 Qxe7 13. Bd3 Nef6 14. e4 c5
15. Rad1 cxd4 16. Nxd4 Nc5 17. e5 Nd5 18. Nxd5 Bxd5 19. Bb1 Rfd8 20. f4 g6 21.
b3 Bb7 22. Qe3 {
Nach 22...Rac8 oder 22...Rd7 nebst Rad8 ist die Stellung voll ausgeglichen.}
1/2-1/2

[Event "Redbus Knockout"]
[Site "London"]
[Date "2000.??.??"]
[Round "1.2"]
[White "Hebden, Mark"]
[Black "Chandler, Murray G"]
[Result "1/2-1/2"]
[WhiteElo "2493"]
[BlackElo "2527"]
[PlyCount "114"]
[EventDate "2000.04.21"]
[EventType "k.o."]
[EventRounds "4"]
[EventCountry "ENG"]
[Source "Fruth,M"]
[SourceDate "2003.05.15"]

1. d4 Nf6 2. Nf3 d5 3. c4 e6 4. Bg5 Be7 5. e3 h6 6. Bh4 O-O 7. Nc3 b6 8. Bd3
Bb7 9. O-O Nbd7 10. Qe2 c5 11. Bg3 Ne4 12. cxd5 exd5 13. Ba6 Nxc3 14. bxc3 Qc8
15. Bxb7 Qxb7 16. Ne5 Nf6 17. dxc5 Bxc5 18. Nd3 Rfe8 19. Nxc5 bxc5 20. Rab1 Qe7
21. Qa6 Ne4 22. Rb7 Qe6 23. Qxe6 Rxe6 24. Rc1 Rb6 25. Rd7 Rb2 26. Rxd5 Rxa2 27.
f3 Nxg3 28. hxg3 Rb8 29. Kh2 Rbb2 30. Rg1 Re2 31. Rxc5 Rxe3 32. Kh3 Ree2 33. f4
g6 34. f5 g5 35. Rc6 Kg7 36. Kg4 Re4+ 37. Kh5 Rf2 38. g4 Rxf5 39. Rxh6 Rc5 40.
Rf1 Re6 41. Rxe6 fxe6 42. Re1 Kf6 43. Rf1+ Ke7 44. Kg6 a5 45. Rf7+ Kd6 46. Ra7
Kc6 47. Kf6 Kb6 48. Ra8 Kb7 49. Rd8 a4 50. Rd1 a3 51. Ra1 Ra5 52. Kxe6 a2 53.
Kf6 Kc6 54. c4 Kd6 55. c5+ Kxc5 56. Kxg5 Kd4+ 57. Kh6 Ke5 1/2-1/2

[Event "Redbus Knockout"]
[Site "London"]
[Date "2000.??.??"]
[Round "3.1"]
[White "Hebden, Mark"]
[Black "Lalic, Bogdan"]
[Result "0-1"]
[WhiteElo "2493"]
[BlackElo "2548"]
[PlyCount "82"]
[EventDate "2000.04.21"]
[EventType "k.o."]
[EventRounds "4"]
[EventCountry "ENG"]
[Source "Fruth,M"]
[SourceDate "2003.05.15"]

1. d4 d5 2. Nf3 Nf6 3. c4 e6 4. Bg5 Be7 5. e3 h6 6. Bh4 O-O 7. Nc3 b6 8. Bd3
Bb7 9. O-O Nbd7 10. Qe2 c5 11. Bg3 Ne4 12. cxd5 exd5 13. Rac1 Bf6 14. Rfd1 Nxc3
15. Rxc3 c4 16. Bb1 Re8 17. Bf4 b5 18. Rcc1 b4 19. Qc2 Nf8 20. Ne5 a5 21. a3
Re6 22. axb4 axb4 23. Qf5 Qe8 24. Qg4 Rb6 25. e4 Qb5 26. Qg3 Bxe5 27. Bxe5 Ng6
28. Bc7 Rc6 29. h4 Nxh4 30. Qxh4 Rxc7 31. e5 Qb6 32. Re1 Re8 33. e6 Rce7 34.
exf7+ Kxf7 35. Qh5+ Kf8 36. Re3 Qxd4 37. Rf1 Re6 38. Bg6 R8e7 39. Rd1 Qxb2 40.
Kh1 Rxe3 41. fxe3 Qf6 0-1

[Event "Guillermo Garcia Premier I"]
[Site "Santa Clara"]
[Date "2000.05.29"]
[Round "5"]
[White "Mateo, Ramon"]
[Black "Gongora, Maikel"]
[Result "0-1"]
[WhiteElo "2408"]
[BlackElo "2439"]
[PlyCount "76"]
[EventDate "2000.05.24"]
[EventType "tourn"]
[EventRounds "13"]
[EventCountry "CUB"]
[EventCategory "9"]
[Source "Fruth,M"]
[SourceDate "2003.05.15"]

1. d4 d5 2. c4 e6 3. Nc3 Nf6 4. Nf3 Be7 5. Bg5 O-O 6. e3 h6 7. Bh4 b6 8. cxd5
Nxd5 9. Bxe7 Qxe7 10. Nxd5 exd5 11. Rc1 Be6 12. Bd3 c5 13. dxc5 bxc5 14. O-O
Nd7 15. b3 Nf6 16. Re1 Rfd8 17. Qe2 Bg4 18. Qb2 Bxf3 19. gxf3 Rab8 20. Qc3 Nd7
21. Kh1 Qh4 22. Rg1 d4 23. Qb2 Qf6 24. Qe2 Ne5 25. Be4 d3 26. Qd1 c4 27. f4 d2
28. Rc2 Nd3 29. Qxd2 cxb3 30. Rc6 Nb4 31. Rxf6 Rxd2 32. axb3 Rxf2 33. Rd6 Re2
34. Rg3 Rc8 35. Bf5 Rc1+ 36. Rg1 Rxg1+ 37. Kxg1 g6 38. Bd3 Rd2 0-1

[Event "RUS-Cup op"]
[Site "Bor"]
[Date "2000.??.??"]
[Round "6"]
[White "Popov, Valerij"]
[Black "Virovlansky, Semen"]
[Result "1/2-1/2"]
[WhiteElo "2534"]
[BlackElo "2418"]
[PlyCount "104"]
[EventDate "2000.06.??"]
[EventType "swiss"]
[EventRounds "9"]
[EventCountry "RUS"]
[Source "Fruth,M"]
[SourceDate "2003.05.15"]

1. Nf3 Nf6 2. c4 e6 3. Nc3 d5 4. d4 Be7 5. Bg5 h6 6. Bh4 O-O 7. e3 b6 8. Rc1
Bb7 9. Bxf6 Bxf6 10. cxd5 exd5 11. Bd3 a6 12. Bb1 Re8 13. Ne2 g6 14. Qc2 c6 15.
h4 h5 16. Nf4 Re4 17. Nd2 Re7 18. Kf1 Nd7 19. b4 Nf8 20. Nb3 Qd6 21. Qd2 Rae8
22. a4 Bg7 23. a5 b5 24. Nc5 Bc8 25. Bc2 Nd7 26. Nxd7 Bxd7 27. Nd3 Bf5 28. Nc5
Bc8 29. Bd1 Qf6 30. Rc3 Bh6 31. Ke1 Qd6 32. Kf1 Qf6 33. Kg1 Qd6 34. Bf3 Bg4 35.
Qe2 f5 36. Nd3 Bxe3 37. fxe3 Rxe3 38. Qf2 Bxf3 39. gxf3 Re2 40. Rc2 Rxf2 41.
Kxf2 f4 42. Rc5 Re3 43. Ne5 Rb3 44. Rhc1 Qf6 45. Rxc6 Qxh4+ 46. Kg1 Qg3+ 47.
Kh1 Rxf3 48. Rc8+ Kg7 49. R8c7+ Kf6 50. Rf7+ Kg5 51. Rg1 Rf1 52. Rxf1 Qh3+
1/2-1/2

[Event "Stockholm IM IT"]
[Site "Stockholm"]
[Date "2000.??.??"]
[Round "4"]
[White "Dzevlan, Miralem"]
[Black "Ahlander, Bjorn"]
[Result "1-0"]
[WhiteElo "2410"]
[BlackElo "2430"]
[PlyCount "71"]
[EventDate "2000.06.??"]
[EventType "tourn"]
[EventRounds "9"]
[EventCountry "SWE"]
[EventCategory "4"]
[Source "Fruth,M"]
[SourceDate "2003.05.15"]

1. d4 d5 2. c4 e6 3. Nf3 Nf6 4. Nc3 Be7 5. Bg5 O-O 6. e3 h6 7. Bh4 b6 8. Bd3
Bb7 9. O-O Nbd7 10. Qe2 c5 11. Rad1 Ne4 12. Bg3 Rc8 13. cxd5 exd5 14. Ba6 Bxa6
15. Qxa6 Ndf6 16. Nxe4 Nxe4 17. dxc5 Nxc5 18. Qxa7 Ra8 19. Qc7 Rxa2 20. Qxd8
Rxd8 21. Bc7 Rd7 22. Bxb6 Rxb2 23. Bxc5 Bxc5 24. Rd3 f6 25. h4 Kf7 26. h5 Rb4
27. g3 Ba7 28. Rfd1 Ke6 29. Kg2 Ra4 30. Nh4 Rd8 31. Kf3 d4 32. g4 Bc5 33. Nf5
Kf7 34. Rc1 Bf8 35. Rc7+ Kg8 36. Nxd4 1-0

[Event "Yerevan ZT 1.5"]
[Site "Yerevan"]
[Date "2000.06.11"]
[Round "5"]
[White "Anastasian, Ashot"]
[Black "Dervishi, Erald"]
[Result "1/2-1/2"]
[WhiteElo "2606"]
[BlackElo "2478"]
[PlyCount "114"]
[EventDate "2000.06.07"]
[EventType "swiss"]
[EventRounds "9"]
[EventCountry "ARM"]
[Source "Fruth,M"]
[SourceDate "2003.05.15"]

1. c4 e6 2. d4 d5 3. Nc3 Be7 4. Nf3 Nf6 5. Bg5 O-O 6. e3 h6 7. Bh4 b6 8. cxd5
exd5 9. Rc1 Bb7 10. Be2 Nbd7 11. O-O c5 12. Bg3 a6 13. dxc5 bxc5 14. Qc2 Rc8
15. Rfd1 Qb6 16. Qb3 Rfd8 17. Ne5 Qxb3 18. axb3 Nb6 19. Nf3 Nh5 20. Be5 f6 21.
Bg3 Nxg3 22. hxg3 g6 23. g4 Kf7 24. Ra1 Ra8 25. Na4 Nxa4 26. Rxa4 Rd6 27. Nd2
Rb6 28. Bf3 Rd8 29. Rda1 d4 30. exd4 Bxf3 31. Nxf3 Rxb3 32. Rxa6 cxd4 33. Ra7
Rb6 34. Re1 Re6 35. Rd1 d3 36. Kf1 Kg8 37. Rb7 Bc5 38. Ne1 Re4 39. f3 Re3 40.
Rd2 Rd4 41. Rb3 Bb4 42. Rd1 Bxe1 43. Rxe1 Re5 44. Rd1 d2 45. Rc3 Rd7 46. Rc2
Red5 47. Ke2 Re7+ 48. Kf2 Red7 49. Rc4 h5 50. gxh5 Rxh5 51. Ke3 Re5+ 52. Re4
Rb5 53. b4 Rbd5 54. Re8+ Kf7 55. Rb8 Re7+ 56. Kf2 Red7 57. b5 Rd8 1/2-1/2

[Event "Yerevan ZT 1.5"]
[Site "Yerevan"]
[Date "2000.06.11"]
[Round "5"]
[White "Ivanisevic, Ivan"]
[Black "Sturua, Zurab"]
[Result "1-0"]
[WhiteElo "2460"]
[BlackElo "2595"]
[PlyCount "97"]
[EventDate "2000.06.07"]
[EventType "swiss"]
[EventRounds "9"]
[EventCountry "ARM"]
[Source "Fruth,M"]
[SourceDate "2003.05.15"]

1. d4 d5 2. c4 e6 3. Nc3 Be7 4. Nf3 Nf6 5. Bg5 h6 6. Bh4 O-O 7. e3 b6 8. Rb1
Bb7 9. Bxf6 Bxf6 10. cxd5 exd5 11. b4 c6 12. Qb3 Nd7 13. Be2 Re8 14. O-O Nf8
15. Rfd1 Ne6 16. Bf1 Qd6 17. g3 Rad8 18. Bg2 g6 19. Rd2 Bg7 20. Qd1 Nc7 21. a4
Bc8 22. Ne1 h5 23. b5 Bg4 24. Qb3 c5 25. dxc5 Qxc5 26. Nxd5 Be6 27. Rbd1 Rd7
28. Nd3 Bxd5 29. Nxc5 Bxb3 30. Nxb3 Rxd2 31. Rxd2 Re7 32. Bc6 Ne6 33. Kg2 Kf8
34. f4 Rc7 35. Rd7 Rxd7 36. Bxd7 Nc7 37. e4 Ke7 38. Bc8 Bc3 39. Kf3 f6 40. Ke2
Kd6 41. Kd3 Be1 42. Kc4 h4 43. gxh4 Bxh4 44. Nd4 Ne8 45. Bf5 gxf5 46. Nxf5+ Ke6
47. Nxh4 Nd6+ 48. Kd4 Nb7 49. f5+ 1-0

[Event "Ordzhonikidze zt 1.9"]
[Site "Ordzhonikidze"]
[Date "2000.06.11"]
[Round "3"]
[White "Nosenko, Alexander"]
[Black "Shneider, Aleksandr"]
[Result "1-0"]
[WhiteElo "2427"]
[BlackElo "2551"]
[PlyCount "65"]
[EventDate "2000.06.09"]
[EventType "swiss"]
[EventRounds "9"]
[EventCountry "UKR"]
[Source "Fruth,M"]
[SourceDate "2003.05.15"]

1. d4 Nf6 2. Nf3 e6 3. c4 d5 4. Nc3 Be7 5. Bg5 h6 6. Bh4 O-O 7. e3 b6 8. Bd3
Bb7 9. O-O Nbd7 10. Qe2 Ne4 11. Bg3 c5 12. cxd5 exd5 13. Rac1 Ndf6 14. dxc5
Nxg3 15. hxg3 bxc5 16. Rfd1 Qb6 17. e4 dxe4 18. Nxe4 Rfe8 19. Nc3 Bf8 20. Qc2
Qb4 21. Nb5 Rad8 22. Bc4 Be4 23. Qb3 Qxb3 24. axb3 Ng4 25. Nxa7 g5 26. Nb5 Bc6
27. Nc7 Rxd1+ 28. Rxd1 Re7 29. Na6 Rd7 30. Re1 Bb7 31. Kf1 Bxa6 32. Bxa6 Bg7
33. Bc8 1-0

[Event "Ordzhonikidze zt 1.9"]
[Site "Ordzhonikidze"]
[Date "2000.06.13"]
[Round "5"]
[White "Lerner, Konstantin Z"]
[Black "Eingorn, Vereslav S"]
[Result "1/2-1/2"]
[WhiteElo "2575"]
[BlackElo "2597"]
[PlyCount "29"]
[EventDate "2000.06.09"]
[EventType "swiss"]
[EventRounds "9"]
[EventCountry "UKR"]
[Source "Fruth,M"]
[SourceDate "2003.05.15"]

1. d4 Nf6 2. c4 e6 3. Nf3 d5 4. Nc3 Be7 5. Bg5 h6 6. Bh4 O-O 7. e3 b6 8. cxd5
Nxd5 9. Bxe7 Qxe7 10. Nxd5 exd5 11. Be2 Be6 12. O-O c5 13. Qa4 Nd7 14. Rac1 a6
15. Qa3 1/2-1/2

[Event "Montecatini Terme op"]
[Site "Montecatini Terme"]
[Date "2000.??.??"]
[Round "7"]
[White "Sulava, Nenad"]
[Black "Dervishi, Erald"]
[Result "1-0"]
[WhiteElo "2549"]
[BlackElo "2478"]
[PlyCount "81"]
[EventDate "2000.07.??"]
[EventType "swiss"]
[EventRounds "9"]
[EventCountry "ITA"]
[Source "Fruth,M"]
[SourceDate "2003.05.15"]

1. d4 Nf6 2. c4 e6 3. Nc3 d5 4. Nf3 Be7 5. Bg5 O-O 6. e3 h6 7. Bh4 b6 8. Bd3
Bb7 9. O-O Nbd7 10. Bg3 a6 11. cxd5 exd5 12. Rc1 c5 13. Bb1 Rc8 14. Ne5 cxd4
15. Qxd4 Bc5 16. Qd3 Re8 17. Nf3 Bf8 18. Rfd1 g6 19. a3 Bg7 20. Ba2 Nc5 21. Qb1
Nce4 22. Be5 Rxe5 23. Nxe5 Nxc3 24. Rxc3 Rxc3 25. bxc3 Qc7 26. Nf3 Ne4 27. Nd4
Nxc3 28. Qc2 Qc8 29. Re1 b5 30. Ne2 a5 31. Nxc3 Bxc3 32. Rd1 Qc5 33. a4 b4 34.
Qd3 Bf6 35. g3 Kg7 36. Bxd5 Bxd5 37. Qxd5 Qc2 38. Qd7 b3 39. Qd3 Qa2 40. Qc4
Be7 41. Kg2 1-0

[Event "White Nights mem"]
[Site "St Petersburg"]
[Date "2000.??.??"]
[Round "3"]
[White "Kochyev, Alexander"]
[Black "Polovodin, Igor A"]
[Result "1/2-1/2"]
[WhiteElo "2425"]
[BlackElo "2430"]
[PlyCount "23"]
[EventDate "2000.07.??"]
[EventType "tourn"]
[EventRounds "9"]
[EventCountry "RUS"]
[EventCategory "9"]
[Source "Fruth,M"]
[SourceDate "2003.05.15"]

1. c4 e6 2. d4 d5 3. Nc3 Nf6 4. Bg5 Be7 5. e3 h6 6. Bh4 O-O 7. Nf3 b6 8. Bd3
Bb7 9. O-O Nbd7 10. cxd5 exd5 11. Rc1 c5 12. dxc5 1/2-1/2